Homenaje a la memoria de ... Arias Montano y Bravo Murillo, hijos de Fregenal... (Record no. 183842)

MARC details
000 -LEADER
campo de control de longitud fija 00525nam a2200169 i 4500
001 - NÚMERO DE CONTROL
campo de control 183842
003 - IDENTIFICADOR DE NÚMERO DE CONTROL
campo de control ES-MaACL
005 - FECHA Y HORA DE LA ÚLTIMA TRANSACCIÓN
campo de control 20240116201516.0
008 - DATOS DE LONGITUD FIJA--INFORMACIÓN GENERAL
campo de control de longitud fija 141023s1881 sp |||| | spa d
245 00 - MENCIÓN DEL TÍTULO
Título Homenaje a la memoria de ... Arias Montano y Bravo Murillo, hijos de Fregenal...
260 ## - PUBLICACIÓN, DISTRIBUCIÓN, ETC.
Lugar de publicación, distribución, etc. Fregenal :
Nombre del editor, distribuidor, etc. [s.n.],
Fecha de publicación, distribución, etc. 1881.
500 ## - NOTA GENERAL
Nota general El Eco de Fregenal.
700 0# - ENTRADA AGREGADA--NOMBRE PERSONAL
Nombre de persona Arias Montano, Benito.
9 (RLIN) 22787
700 1# - ENTRADA AGREGADA--NOMBRE PERSONAL
Nombre de persona Bravo Murillo, Juan,
Fechas asociadas al nombre 1803-1873
9 (RLIN) 31496
852 ## - LOCALIZACIÓN
Ubicación ES-MaACL
Número de control de estantería T-699-F-3
Holdings
Estatus retirado Estado de pérdida Estado de daño No para préstamo Colección Biblioteca de origen Biblioteca actual Ubicación en estantería Fecha de adquisición Fuente de adquisición Total de préstamos Signatura topográfica completa Código de barras Visto por última vez Precio de reemplazo Tipo de ítem Koha
        Colección de folletos Biblioteca del Ateneo de Madrid Biblioteca del Ateneo de Madrid Depósito folletos 23/10/2014     T-699-F-3 1193293 23/02/2023 23/02/2023 Folleto